000 00306nam a2200121Ia 4500
008 150731s2013 xx 000 0 und d
082 _a615.53
_bT 13 M
100 _aMUSALGAVAKAR,RAJESHVAR SHASHTRI
245 _aTARK SAGRAH
260 _bCHAUKHAMBHA PUB. NEW DELHI
_c2013
300 _a267
942 _2ddc
_cBK
999 _c7864
_d7864